Popular video games 2009 to 2025 - Statistics

General Stats
  • This quiz has been taken 96 times
  • The average score is 9 of 16
Answer Stats
Picture Answer % Correct
Minecraft
91%
Red Dead Redemption
90%
Fortnite
87%
Mario Kart 8
87%
Rocket League
86%
League of Legends
80%
Farcry 5
66%
Cookie Clicker
60%
Garry's Mod
56%
Assassin's Creed Black Flag
48%
Zelda Breath of the Wild
37%
Forza Horizon 5
34%
Counter-Strike : Global Offensive
29%
Gran Turismo 7
24%
Detroit : Become Human
14%
Horizon Zero Down
5%
No matching quizzes found
Score Distribution
Percent of People with Each Score
Percentile by Number Answered
Your Score History
You have not taken this quiz